Emotional intelligence : why it can matter more than IQ /

Uložené v:
Podrobná bibliografia
Hlavný autor: Goleman, Daniel (Autor)
Médium: Kniha
Jazyk:English
Vydavateľské údaje: London Bloomsbury 2020 (1995)
Predmet:
Tagy: Pridať tag
Žiadne tagy, Buďte prvý, kto otaguje tento záznam!

MARC

LEADER 00000nam a22000003a 4500
001 0090739
003 SK-STU
005 20221222134138.7
007 ta
008 211007s ----xo-----e------000-0-----d
020 |a 978-1-5266-3362-0 
040 |a STU  |b slo 
041 0 |a eng 
044 |a xxk 
100 1 |a Goleman, Daniel  |4 aut 
245 1 0 |a Emotional intelligence :  |b why it can matter more than IQ /  |c aut. Daniel Goleman 
260 |a London  |b Bloomsbury  |c 2020 (1995) 
300 |a 325 s. 
650 0 7 |a emočná inteligencia 
996 |b 284M088853  |c M* 14506-1  |l MMST  |s A  |a 24  |w 0090739_0001 
996 |b 284M089217  |c M* 14506-2  |l MMST  |s A  |a 24  |w 0090739_0002